Southville International School and Colleges
Your cart is empty.
  • Cart
  • Lists
    Public lists Eva Luna New books Lux_list list_1
    Your lists Log in to create your own lists
  • Log in to your account
  • Your cookies
  • Search history
Southville International School and Colleges
  • Advanced search
  • Recent comments
  • Most popular
  • Libraries

Log in to your account

Log in with GOOGLE


If you do not have an external account, but do have a local account, you can still log in:

  1. Home
  2. MARC view: Public relations writing/
Normal view MARC view ISBD view

Public relations writing/ (Record no. 358791)

[ view plain ]
MARC details
000 -LEADER
fixed length control field 00647nam a2200217Ia 4500
003 - CONTROL NUMBER IDENTIFIER
control field SISC
005 - DATE AND TIME OF LATEST TRANSACTION
control field 20181009090433.0
008 - FIXED-LENGTH DATA ELEMENTS--GENERAL INFORMATION
fixed length control field 180918s9999 xx 000 0 und d
020 ## - INTERNATIONAL STANDARD BOOK NUMBER
International Standard Book Number 9780190304652
050 ## - LIBRARY OF CONGRESS CALL NUMBER
Classification number HM 121
Item number .M216 2017
100 ## - MAIN ENTRY--PERSONAL NAME
Personal name Mahoney, James
245 ## - TITLE STATEMENT
Statement of responsibility, etc James Mahoney
Title Public relations writing/
250 ## - EDITION STATEMENT
Edition statement 3rd ed.
260 ## - PUBLICATION, DISTRIBUTION, ETC. (IMPRINT)
Place of publication, distribution, etc Australia:
Name of publisher, distributor, etc Oxford University Press
Date of publication, distribution, etc 2017
300 ## - PHYSICAL DESCRIPTION
Extent 282 pages :
Other physical details illustrated ;
Dimensions 24 cm.
500 ## - GENERAL NOTE
General note Includes bibliographic references and index.
650 ## - SUBJECT ADDED ENTRY--TOPICAL TERM
Topical term or geographic name as entry element Public relations -- Australia
650 ## - SUBJECT ADDED ENTRY--TOPICAL TERM
Topical term or geographic name as entry element written communication -- Australia
942 ## - ADDED ENTRY ELEMENTS (KOHA)
Source of classification or shelving scheme Library of Congress Classification
Koha item type Books
Holdings
Withdrawn status Lost status Source of classification or shelving scheme Damaged status Home library Current library Shelving location Date acquired Source of acquisition Total Checkouts Full call number Barcode Date last seen Price effective from Koha item type
    Library of Congress Classification   Luxembourg Library Luxembourg Library High School Section 09/18/2018 Library Fund   HM 121 .M216 2017 20576 09/18/2018 09/18/2018 Books

Public relations writing/

APA

Mahoney J., . (2017). Public relations writing. Australia: Oxford University Press.

Chicago

Mahoney James, . 2017. Public relations writing. Australia: Oxford University Press.

Harvard

Mahoney J., . (2017). Public relations writing. Australia: Oxford University Press.

MLA

Mahoney James, . Public relations writing. Australia: Oxford University Press. 2017.

  • Place hold
  • Print
  • Cite
  • Add to your cart (remove)
  • Save record
    BIBTEX Dublin Core MARCXML MARC (non-Unicode/MARC-8) MARC (Unicode/UTF-8) MARC (Unicode/UTF-8, Standard) MODS (XML) RIS
  • More searches
    Search for this title in:
    Other Libraries (WorldCat) Other Databases (Google Scholar) Online Stores (Bookfinder.com) Open Library (openlibrary.org)

Exporting to Dublin Core...

SOUTHVILLE LIBRARY

Southville International School and Colleges Library

1281 Tropical Ave. Cor. Luxembourg St., BF Homes International, Las Pinas City

Tel. No. 8256374 / 252358 Loc. 117/146

Powered by Koha